The Republic of Texas Territories - Statistics

General Stats
  • This quiz has been taken 13 times
  • The average score is 5 of 6
Answer Stats
Hint Answer % Correct
The Lone Star State Texas
100%
Land of Enchantment New Mexico
78%
The Sooner State Oklahoma
78%
The Centennial State Colorado
67%
The Sunflower State Kansas
67%
The Cowboy/Equality State Wyoming
67%
No matching quizzes found
Score Distribution
Percent of People with Each Score
Percentile by Number Answered
Your Score History
You have not taken this quiz